Hacia la superación de la categoría del interés legítimo (Registro nro. 2210)

Detalles MARC
000 -LEADER
fixed length control field 01172 a2200229 4500
001 - CONTROL NUMBER
control field 31688
005 - DATE AND TIME OF LATEST TRANSACTION
control field 20260407155620.0
008 - FIXED-LENGTH DATA ELEMENTS--GENERAL INFORMATION
fixed length control field 260407a2013 arg spa d
003 - CONTROL NUMBER IDENTIFIER
control field AR-UNSa-BCEJYS
040 ## - CATALOGING SOURCE
Original cataloging agency AR-UNSa-BCEJYS
Language of cataloging spa
Transcribing agency AR-UNSa-BCEJYS
080 ## - UNIVERSAL DECIMAL CLASSIFICATION NUMBER
Universal Decimal Classification number 342.924
Common auxiliary subdivision Actos legales. Actos administrativos. (Procesal administrativo)
020 ## - INTERNATIONAL STANDARD BOOK NUMBER
International Standard Book Number 978-987-694-006-1
041 ## - LANGUAGE CODE
Language code of text/sound track or separate title spa
100 1# - MAIN ENTRY--PERSONAL NAME
Personal name Dates, Luis E.
245 10 - TITLE STATEMENT
Title Hacia la superación de la categoría del interés legítimo
Name of part/section of a work un nuevo enfoque sobre la situaciones jurídicas subjetivas del derecho administrativo
264 #1 - PRODUCTION, PUBLICATION, DISTRIBUTION, MANUFACTURE, AND COPYRIGHT NOTICE
Place of production, publication, distribution, manufacture Buenos Aires :
Name of producer, publisher, distributor, manufacturer Ediciones Rap
Date of production, publication, distribution, manufacture, or copyright notice 2013
300 ## - PHYSICAL DESCRIPTION
Extent 206 p.
Dimensions 20 cm.
505 ## - FORMATTED CONTENTS NOTE
Formatted contents note 1. Descripción de las situaciones jurídicas subjetivas activas reconocidas en la LNPA y en el RLNPA - 2. Evaluación y critíca de las categorías jurídicas existentes - 3. La unificación de todas las categorías jurídicas en el derecho subjetivo - 4. Conclusiones
590 ## - LOCAL NOTE (RLIN)
Local note niveau_biblio:m niveau_hierar:0
856 41 - ELECTRONIC LOCATION AND ACCESS
Uniform Resource Identifier <a href="https://biblioeco.unsa.edu.ar/pmb/images/libros/Hacia la superacion de la categoria del interes legitimo-l125121.jpg">https://biblioeco.unsa.edu.ar/pmb/images/libros/Hacia la superacion de la categoria del interes legitimo-l125121.jpg</a>
Link text Imagen de portada
Electronic format type image/jpeg
942 ## - ADDED ENTRY ELEMENTS (KOHA)
Koha item type
Existencias
Withdrawn status Lost status Damaged status Not for loan Home library Current library Shelving location Date acquired Total checkouts Full call number Barcode Date last seen Price effective from Koha item type
        Biblioteca Prof. Eusebio Cleto del Rey Biblioteca Prof. Eusebio Cleto del Rey   07/04/2026   342.924 D232 L125121 07/04/2026 07/04/2026 Libro